000 00626 a2200157 4500
003 Nust
005 20221226124802.0
040 _cNust
082 _a297.122, ABD
100 _aAbdalati,Hammudah
_9105922
245 _aIslam in focus
_bfocus
_cHammudah Abdalati
260 _aIslamabad
_bDawah Academy
300 _axvi,211 p.;
505 _aChapter- I, The ideological foundation of Islam (Page-1), Chapter-II, The basic concepts of Islam (Page-23), Chapter-III, The application of faith (Page-53), Chapter-IV, Application of Islam to daily life (Page-106), Chapter-V, Distortions about Islam (Page-141).
942 _2ddc
_cBK
999 _c215321
_d215321